[Event "STICH 2324 SV 1947 Walldorf - SK 1980 Ge"]
[Site "Ettlingen"]
[Date "2024.05.04"]
[Round "10.7"]
[White "Rosenberger, Frank"]
[Black "Straubinger, Daniel Dr."]
[Result "1/2-1/2"]
[WhiteElo "2032"]
[BlackElo "2371"]
[PlyCount "55"]
[EventDate "2024.05.04"]

1. e4 c6 2. d4 d5 3. exd5 cxd5 4. Bd3 Nc6 5. c3 Nf6 6. Bf4 Bg4 7. Nf3 e6 8. Qb3 Bd6 9. Qxb7 O-O 10. Qxc6 Bxf4 11. Nbd2 Rb8 12. Rb1 Qa5 13. O-O Rb6 14. Qc5 Qa4 15. b3 Qd7 16. Ne5 Qb7 17. Nxg4 Bxd2 18. Nxf6+ gxf6 19. Qa3 Bxc3 20. Qc1 Bxd4 21. Qf4 e5 22. Bxh7+ Kg7 23. Qg4+ Kxh7 24. Qh5+ Kg7 25. Qg4+ Kh6 26. Qh4+ Kg6 27. Qg4+ Kh6 28. Qh4+ 1/2-1/2

[Event "STICH 2324 SV 1947 Walldorf - SK 1980 Ge"]
[Site "Ettlingen"]
[Date "2024.05.04"]
[Round "10.8"]
[White "Fichter, Fabian"]
[Black "Nies, Peter"]
[Result "1-0"]
[WhiteElo "2302"]
[BlackElo "2057"]
[PlyCount "81"]
[EventDate "2024.05.04"]

1. e4 e6 2. d4 d5 3. Nd2 Nf6 4. e5 Nfd7 5. Bd3 c5 6. c3 Nc6 7. Ne2 cxd4 8. cxd4 f6 9. exf6 Nxf6 10. O-O Bd6 11. Nf3 O-O 12. Bg5 Qc7 13. Bh4 Nh5 14. Qc2 h6 15. Bh7+ Kh8 16. Bg6 Nf4 17. Nxf4 Bxf4 18. Bg3 Bd7 19. Ne5 Rf6 20. Bxf4 Rxf4 21. Bf7 Rf5 22. Ng6+ Kh7 23. Nh4 Qf4 24. Nxf5 exf5 25. Rfd1 Qg5 26. Bxd5 Nb4 27. Qc7 Nxd5 28. Qxd7 Rd8 29. Qxb7 f4 30. Rd3 Rd6 31. Kh1 Rb6 32. Qxa7 Rxb2 33. Kg1 Ne3 34. Qa8 Qf5 35. Rb3 Qc2 36. fxe3 Rxb3 37. axb3 fxe3 38. Qa2 Qc8 39. Qb1+ Kg8 40. Qe4 e2 41. Qxe2 1-0

[Event "STICH 2324 SK Ettlingen - SC Böblingen"]
[Site "Ettlingen"]
[Date "2024.05.04"]
[Round "10.1"]
[White "Kuklin, Valentin"]
[Black "Rosner, Jonas"]
[Result "1/2-1/2"]
[WhiteElo "2366"]
[BlackElo "2439"]
[PlyCount "90"]
[EventDate "2024.05.04"]

1. e4 c6 2. Nc3 d5 3. Nf3 dxe4 4. Nxe4 Nf6 5. Nxf6+ exf6 6. Bc4 Bd6 7. Qe2+ Qe7 8. Qxe7+ Kxe7 9. d4 Be6 10. Bd3 Re8 11. O-O h5 12. Nd2 Kf8 13. Ne4 Be7 14. Nc5 Bxc5 15. dxc5 Nd7 16. Bf4 Ne5 17. Be2 h4 18. Rad1 Rad8 19. b3 Bf5 20. Rxd8 Rxd8 21. Rd1 Rxd1+ 22. Bxd1 h3 23. Bxe5 fxe5 24. g4 Bh7 25. f3 Ke7 26. Kf2 Kf6 27. Kg3 Kg5 28. c3 Bd3 29. b4 Bc4 30. a3 g6 31. Bc2 f5 32. gxf5 gxf5 33. Kxh3 Kf4 34. Kg2 Be6 35. Kf2 Bc4 36. Bb1 Bd5 37. Bd3 Be6 38. Bf1 Bd5 39. Bd3 Be6 40. h4 Bf7 41. a4 a6 42. a5 Be6 43. Bc2 Bf7 44. Bb1 Be6 45. Bd3 Bf7 1/2-1/2

[Event "STICH 2324 SK Ettlingen - SC Böblingen"]
[Site "Ettlingen"]
[Date "2024.05.04"]
[Round "10.2"]
[White "Arnold, Max"]
[Black "Hirneise, Jens"]
[Result "1/2-1/2"]
[WhiteElo "2284"]
[BlackElo "2278"]
[PlyCount "133"]
[EventDate "2024.05.04"]

1. Nf3 c5 2. g3 Nc6 3. Bg2 g6 4. c4 Bg7 5. Nc3 e5 6. O-O Nge7 7. a3 O-O 8. Rb1 d6 9. b4 Rb8 10. b5 Nd4 11. Ne1 Be6 12. e3 Ndf5 13. d3 Nc8 14. Nc2 Nfe7 15. e4 f5 16. exf5 Nxf5 17. Ne3 Kh8 18. Ned5 Nb6 19. a4 Nxd5 20. Nxd5 Qd7 21. Bb2 Rf7 22. Qe2 Ne7 23. Nxe7 Rxe7 24. f4 Bg4 25. Qd2 Bf5 26. Rbe1 Rbe8 27. fxe5 dxe5 28. Bd5 Be6 29. Bxe5 Bxd5 30. Bxg7+ Kxg7 31. Rxe7+ Rxe7 32. Qc3+ Kg8 33. cxd5 Qxd5 34. Qc4 Rd7 35. Re1 Qxc4 36. dxc4 Kf7 37. Rf1+ Ke6 38. Re1+ Kf5 39. a5 h5 40. Re8 b6 41. axb6 axb6 42. h4 Rd4 43. Kf2 Rxc4 44. Rb8 Rc2+ 45. Kf3 Rc3+ 46. Kf2 Ke4 47. Rxb6 Rc2+ 48. Ke1 Kf5 49. Rc6 g5 50. b6 gxh4 51. gxh4 Kg4 52. b7 Rb2 53. Rxc5 Rxb7 54. Kf2 Kxh4 55. Kg2 Rb2+ 56. Kg1 Rb4 57. Kh2 Kg4 58. Rc2 Re4 59. Ra2 h4 60. Rb2 h3 61. Ra2 Kh4 62. Rb2 Kg4 63. Ra2 Kh4 64. Rb2 Rg4 65. Ra2 Rg2+ 66. Rxg2 hxg2 67. Kxg2 1/2-1/2

[Event "STICH 2324 SK Ettlingen - SC Böblingen"]
[Site "Ettlingen"]
[Date "2024.05.04"]
[Round "10.3"]
[White "Mueller, Ralf"]
[Black "Vyval, Volodymyr"]
[Result "1/2-1/2"]
[WhiteElo "2337"]
[BlackElo "2270"]
[PlyCount "40"]
[EventDate "2024.05.04"]

1. d4 Nf6 2. c4 g6 3. Nf3 Bg7 4. g3 O-O 5. Bg2 c6 6. Nc3 d5 7. cxd5 cxd5 8. Ne5 Nc6 9. Nxc6 bxc6 10. O-O Bf5 11. h3 Ne4 12. Qa4 Nxc3 13. bxc3 e5 14. dxe5 Bxe5 15. Bh6 Re8 16. Qxc6 Rc8 17. Qxd5 Qxd5 18. Bxd5 Rxc3 19. Rac1 Bxh3 20. Rfd1 Bg7 1/2-1/2

[Event "STICH 2324 SK Ettlingen - SC Böblingen"]
[Site "Ettlingen"]
[Date "2024.05.04"]
[Round "10.4"]
[White "Tschann, Stephan"]
[Black "Tran, Thanh Kien"]
[Result "0-1"]
[WhiteElo "2221"]
[BlackElo "2175"]
[PlyCount "72"]
[EventDate "2024.05.04"]

1. Nf3 g6 2. g3 Bg7 3. Bg2 c5 4. c4 Nc6 5. Nc3 e6 6. O-O Nge7 7. d3 O-O 8. Bg5 h6 9. Bd2 b6 10. a3 Bb7 11. Rb1 d6 12. Qc1 Kh7 13. b4 Qd7 14. e3 Rfd8 15. Rd1 Rac8 16. Qc2 Ne5 17. Nxe5 Bxe5 18. Be1 Bxg2 19. Kxg2 Bg7 20. bxc5 Rxc5 21. Ne4 Rcc8 22. Bc3 e5 23. Qb2 d5 24. cxd5 Qxd5 25. f3 f5 26. Nf2 Qe6 27. Rbc1 Nd5 28. Bd2 e4 29. d4 exf3+ 30. Kxf3 Nf6 31. Kg2 Nd5 32. Re1 Rxc1 33. Qxc1 Rc8 34. Qd1 Nf6 35. Qf3 Rc2 36. Re2 Qa2 0-1

[Event "STICH 2324 SK Ettlingen - SC Böblingen"]
[Site "Ettlingen"]
[Date "2024.05.04"]
[Round "10.5"]
[White "Vujic, Branimir"]
[Black "Juelg, Gabriel"]
[Result "1-0"]
[WhiteElo "2217"]
[BlackElo "2205"]
[PlyCount "63"]
[EventDate "2024.05.04"]

1. d4 Nf6 2. Nf3 g6 3. e3 Bg7 4. Be2 O-O 5. O-O d6 6. c4 Nbd7 7. Nc3 e5 8. Qc2 Qe7 9. b4 Re8 10. a4 e4 11. Nd2 c5 12. bxc5 dxc5 13. Ba3 b6 14. Nb3 Ba6 15. Rfd1 Qe6 16. Nd5 Qc6 17. Bb2 Qb7 18. dxc5 Nxd5 19. Rxd5 Bxb2 20. Qxb2 bxc5 21. Qa3 Rac8 22. Rad1 Rc7 23. Nxc5 Nxc5 24. Rxc5 Rxc5 25. Qxc5 Rc8 26. Qd4 Qb3 27. Qd7 Qc2 28. Bf1 Qc3 29. h4 h5 30. Rd4 Qa5 31. Qxa7 Qxa4 32. c5 1-0

[Event "STICH 2324 SK Ettlingen - SC Böblingen"]
[Site "Ettlingen"]
[Date "2024.05.04"]
[Round "10.6"]
[White "Friedel, Marcus"]
[Black "Schuh, Karsten"]
[Result "1-0"]
[WhiteElo "2159"]
[BlackElo "2133"]
[PlyCount "159"]
[EventDate "2024.05.04"]

1. c4 f5 2. Nf3 Nf6 3. g3 g6 4. Bg2 Bg7 5. O-O O-O 6. b4 d6 7. Bb2 e5 8. d3 Nc6 9. b5 Ne7 10. c5 h6 11. Qb3+ Kh7 12. Nc3 e4 13. cxd6 cxd6 14. dxe4 fxe4 15. Nd4 d5 16. Rad1 Qc7 17. Na4 Nf5 18. Rc1 Qf7 19. b6 axb6 20. Nxb6 Rb8 21. Nxc8 Nxd4 22. Bxd4 Rbxc8 23. Rxc8 Rxc8 24. Bh3 Rc4 25. e3 Ne8 26. Bxg7 Kxg7 27. Rd1 Nf6 28. Rb1 Rc7 29. Qb6 Qe7 30. a4 Kf7 31. a5 Ne8 32. Rd1 Rc6 33. Qb3 Nf6 34. Rb1 Rc7 35. Qb6 Ne8 36. Kg2 Qf6 37. Qb3 Qc6 38. Qd1 Nf6 39. Qd4 Qc4 40. Qe5 Re7 41. Be6+ Kg7 42. Qd6 Rc7 43. Rb4 Qc3 44. Bxd5 Nxd5 45. Qxd5 Qxb4 46. Qe5+ Kg8 47. Qxc7 Qb5 48. g4 Qd5 49. h3 h5 50. Kg3 hxg4 51. hxg4 g5 52. Qc8+ Kg7 53. Qc7+ Kf6 54. Qb6+ Ke7 55. Kg2 Kd7 56. Qb4 Ke6 57. Qb6+ Kd7 58. a6 bxa6 59. Qxa6 Ke7 60. Qg6 Qe5 61. Qh7+ Ke6 62. Qg8+ Ke7 63. Qg6 Qd5 64. Qh7+ Kf6 65. Qh6+ Kf7 66. Qh8 Kg6 67. Qb8 Kf6 68. Qb6+ Ke7 69. Qc7+ Kf6 70. Kg3 Qe5+ 71. Qxe5+ Kxe5 72. f4+ exf3 73. Kxf3 Kd5 74. Ke2 Ke4 75. Kf2 Kd5 76. Ke1 Ke4 77. Ke2 Ke5 78. Kd3 Kd5 79. e4+ Kc5 80. Kc3 1-0

[Event "STICH 2324 SK Ettlingen - SC Böblingen"]
[Site "Ettlingen"]
[Date "2024.05.04"]
[Round "10.7"]
[White "Martaler, Jewgeni"]
[Black "Grothe, Thomas"]
[Result "1-0"]
[WhiteElo "2181"]
[BlackElo "2237"]
[PlyCount "201"]
[EventDate "2024.05.04"]

1. e4 e5 2. Nf3 Nc6 3. Bb5 f5 4. d3 fxe4 5. dxe4 Nf6 6. O-O Bc5 7. Nc3 d6 8. Na4 Bb6 9. Nxb6 axb6 10. Qd3 O-O 11. Bg5 Qe8 12. Nd2 Bd7 13. f3 Nd4 14. Bxd7 Qxd7 15. Be3 Ne6 16. Nc4 Qc6 17. Nd2 Kh8 18. Rfd1 Nc5 19. Qc3 Na4 20. Qb3 Nd7 21. c3 Ndc5 22. Qc2 b5 23. Nf1 Ne6 24. Ng3 g6 25. Qf2 Ra6 26. Rac1 Nb6 27. b3 Nf4 28. Rc2 Ne6 29. Ne2 Qe8 30. Nc1 Nf4 31. Nd3 Nxd3 32. Rxd3 Qe6 33. Qe2 Rfa8 34. Rdd2 Qe8 35. Qf2 Qe6 36. Qe2 Qe8 37. Bh6 Nc8 38. f4 exf4 39. Qf2 Nb6 40. Qxf4 Nd7 41. Rf2 Kg8 42. Qg5 Qe5 43. Rf5 Qxe4 44. Rcf2 Re8 45. h4 Rxa2 46. R2f4 Rxg2+ 47. Qxg2 Qxg2+ 48. Kxg2 gxf5 49. Rxf5 Re6 50. Bg5 Re5 51. Rf3 Nc5 52. Bh6 Ne6 53. Kg3 Ng7 54. Kg4 Re6 55. Be3 Re4+ 56. Kh3 Re7 57. Bh6 Re6 58. Bg5 h6 59. Bd8 c5 60. b4 cxb4 61. cxb4 Ne8 62. Rf5 Re3+ 63. Kg4 Re4+ 64. Kf3 Rxb4 65. Be7 Rc4 66. Rxb5 Rc7 67. Bd8 Rd7 68. Bb6 Rf7+ 69. Ke4 Re7+ 70. Kd3 Nf6 71. Bd8 Rf7 72. Bxf6 Rxf6 73. Rxb7 Rf7 74. Rb8+ Kg7 75. Rd8 Rf6 76. h5 Kf7 77. Ke4 Ke7 78. Rh8 Kf7 79. Rd8 Re6+ 80. Kf5 Re5+ 81. Kg4 Rg5+ 82. Kh4 Rd5 83. Kg4 Kf6 84. Rf8+ Kg7 85. Rd8 Rd1 86. Kf5 Rd5+ 87. Kg4 Kf7 88. Rh8 Kg7 89. Rd8 Kf6 90. Rf8+ Ke6 91. Rh8 Rg5+ 92. Kh4 Ke5 93. Rxh6 Rg1 94. Rh8 d5 95. h6 Kd4 96. h7 Rg7 97. Kh5 Rg1 98. Rd8 Rh1+ 99. Kg6 Rg1+ 100. Kf5 Rf1+ 101. Kg4 1-0

[Event "STICH 2324 SK Ettlingen - SC Böblingen"]
[Site "Ettlingen"]
[Date "2024.05.04"]
[Round "10.8"]
[White "Reichel, Jonathan"]
[Black "Schulte, Torsten"]
[Result "1-0"]
[WhiteElo "2143"]
[BlackElo "2042"]
[PlyCount "51"]
[EventDate "2024.05.04"]

1. e4 Nc6 2. Nf3 d6 3. d4 Nf6 4. Nc3 g6 5. d5 Nb8 6. Be3 Bg7 7. Qd2 c6 8. Bh6 Bxh6 9. Qxh6 Qb6 10. O-O-O Bg4 11. Rd2 Bxf3 12. gxf3 Nbd7 13. f4 O-O-O 14. dxc6 bxc6 15. Bc4 Rhf8 16. Re1 Qc5 17. Be2 Kc7 18. Bf3 Rb8 19. e5 Qb4 20. Nd1 Ng8 21. Qh4 dxe5 22. Re4 Qa5 23. Rc4 Rb6 24. Nc3 Nc5 25. fxe5 Rfb8 26. Qd4 1-0

[Event "STICH 2324 SK Johanneum Eppendorf - SK K"]
[Site "?"]
[Date "2024.05.04"]
[Round "10.2"]
[White "Wedberg, Tom"]
[Black "Kuegel, Tobias"]
[Result "1/2-1/2"]
[WhiteElo "2372"]
[BlackElo "2424"]
[PlyCount "65"]
[EventDate "2024.??.??"]

1. e4 c5 2. Nf3 d6 3. d4 cxd4 4. Nxd4 Nf6 5. Nc3 g6 6. Be3 Bg7 7. f3 O-O 8. Qd2 Nc6 9. O-O-O d5 10. Qe1 e5 11. Nxc6 bxc6 12. exd5 Nxd5 13. Bc4 Be6 14. Kb1 Re8 15. Ne4 f5 16. Ng5 Bc8 17. h4 h6 18. Ne4 Be6 19. Bb3 Qc7 20. Nc5 Bf7 21. g4 fxg4 22. fxg4 e4 23. Rf1 Re7 24. h5 g5 25. Rf5 Rae8 26. Qf2 Re5 27. Rf1 R8e7 28. Qe1 Rxf5 29. Rxf5 Re5 30. Rf1 Re7 31. Rf5 Re5 32. Rf1 Re7 33. Rf5 1/2-1/2

[Event "STICH 2324 SK Johanneum Eppendorf - SK K"]
[Site "?"]
[Date "2024.05.04"]
[Round "10.3"]
[White "Zaja, Ivan"]
[Black "Wessman, Richard"]
[Result "1/2-1/2"]
[WhiteElo "2428"]
[BlackElo "2399"]
[PlyCount "104"]
[EventDate "2024.??.??"]

1. d4 d5 2. c4 c6 3. Nf3 Nf6 4. Nc3 dxc4 5. a4 Bf5 6. Ne5 e6 7. f3 c5 8. e4 cxd4 9. exf5 Nc6 10. Nxc6 bxc6 11. fxe6 fxe6 12. Qe2 dxc3 13. Qxe6+ Qe7 14. Qxe7+ Bxe7 15. bxc3 Nd5 16. Bxc4 Bf6 17. Bxd5 Bxc3+ 18. Ke2 cxd5 19. Rb1 O-O 20. Kd3 Rac8 21. Rb7 Bf6 22. Bb2 Rf7 23. Rb3 Bxb2 24. Rxb2 Rc4 25. Ra1 Rfc7 26. a5 Kf7 27. a6 Ke6 28. Ra3 Kd6 29. Rb7 R4c6 30. f4 h5 31. g3 g6 32. h3 Rc1 33. Rxc7 Rxc7 34. Rc3 Re7 35. Rb3 Re1 36. Rb7 Rg1 37. Rxa7 Rxg3+ 38. Ke2 Rxh3 39. Rg7 Ke6 40. Rxg6+ Kf5 41. Rg8 Ra3 42. Ra8 Ra2+ 43. Kd3 Ra3+ 44. Kd4 Ra4+ 45. Kxd5 Kxf4 46. a7 h4 47. Rf8+ Kg3 48. a8=Q Rxa8 49. Rxa8 h3 50. Ke4 h2 51. Rh8 Kg2 52. Rxh2+ Kxh2 1/2-1/2

[Event "STICH 2324 SK Johanneum Eppendorf - SK K"]
[Site "?"]
[Date "2024.05.04"]
[Round "10.4"]
[White "von Gleich, Alexander"]
[Black "Kovacevic, Blazimir"]
[Result "0-1"]
[WhiteElo "2220"]
[BlackElo "2372"]
[PlyCount "68"]
[EventDate "2024.??.??"]

1. Nf3 d5 2. d4 Nf6 3. g3 c6 4. Bg2 Bf5 5. c4 e6 6. Nc3 Nbd7 7. Qb3 Qb6 8. c5 Qxb3 9. axb3 a6 10. b4 Rc8 11. h3 h6 12. g4 Bh7 13. Bf4 Ne4 14. Nd2 Nxd2 15. Kxd2 Be7 16. e4 dxe4 17. b5 axb5 18. b4 Bg5 19. Bxg5 hxg5 20. h4 gxh4 21. Rxh4 g5 22. Rh6 Kf8 23. Bxe4 Kg7 24. Rxh7+ Rxh7 25. Bxh7 Kxh7 26. Ra7 Rc7 27. Ne4 Kg6 28. f3 Nf6 29. Kc3 Nd5+ 30. Kb3 f5 31. Nd6 Rh7 32. Rxb7 Rh3 33. Nf7 Rxf3+ 34. Kb2 fxg4 0-1

[Event "STICH 2324 SK Johanneum Eppendorf - SK K"]
[Site "?"]
[Date "2024.05.04"]
[Round "10.5"]
[White "Genov, Petar"]
[Black "Keyser, Robin"]
[Result "1/2-1/2"]
[WhiteElo "2410"]
[BlackElo "2196"]
[PlyCount "59"]
[EventDate "2024.??.??"]

1. d4 Nf6 2. c4 e6 3. Nf3 d5 4. Nc3 dxc4 5. Qa4+ c6 6. Qxc4 b5 7. Qd3 Bb7 8. e4 a6 9. Bg5 h6 10. Bh4 c5 11. e5 g5 12. Nxg5 hxg5 13. Bxg5 Nbd7 14. exf6 b4 15. Ne4 c4 16. Qe3 Rc8 17. Be2 Qa5 18. f3 Bxe4 19. fxe4 e5 20. Bg4 Rd8 21. Bxd7+ Rxd7 22. d5 Bc5 23. Qe2 Rc7 24. Be3 c3 25. bxc3 Bxe3 26. Qxe3 Rxc3 27. Qf2 Qb5 28. Rd1 Qc4 29. Qe2 Qc5 30. Rd3 1/2-1/2

[Event "STICH 2324 SK Johanneum Eppendorf - SK K"]
[Site "?"]
[Date "2024.05.04"]
[Round "10.6"]
[White "Zart, Ruediger"]
[Black "Medak, Bojan"]
[Result "0-1"]
[WhiteElo "2151"]
[BlackElo "2332"]
[PlyCount "82"]
[EventDate "2024.??.??"]

1. d4 Nf6 2. c4 e6 3. Nf3 Bb4+ 4. Bd2 c5 5. Bxb4 cxb4 6. Nbd2 Nc6 7. g3 d6 8. Bg2 O-O 9. O-O e5 10. d5 Nb8 11. Ne1 a5 12. a3 Na6 13. Nd3 Bg4 14. f3 Bd7 15. e4 Qb6+ 16. Kh1 Nc5 17. Nxc5 Qxc5 18. a4 g6 19. Qe2 h5 20. Rfc1 Rac8 21. Nf1 h4 22. g4 Kg7 23. Qe3 Nh7 24. Qe1 f5 25. gxf5 gxf5 26. Qxh4 fxe4 27. Ng3 exf3 28. Bf1 Nf6 29. Qg5+ Kf7 30. Nh5 Nxh5 31. Qxh5+ Ke7 32. Qg4 Rf6 33. Qg7+ Rf7 34. Qg5+ Ke8 35. Bd3 Bh3 36. Rc2 Bg2+ 37. Rxg2 fxg2+ 38. Qxg2 Kd7 39. Bg6 Rf2 40. Qg4+ Kc7 41. b3 Rcf8 0-1

[Event "STICH 2324 SK Johanneum Eppendorf - SK K"]
[Site "?"]
[Date "2024.05.04"]
[Round "10.7"]
[White "Vernacki, Srdjan"]
[Black "Schroeder, Christoph"]
[Result "1/2-1/2"]
[WhiteElo "2276"]
[BlackElo "2183"]
[PlyCount "84"]
[EventDate "2024.??.??"]

1. c4 e6 2. Nf3 d5 3. e3 Nf6 4. b3 Bd6 5. Bb2 Nbd7 6. Nc3 c6 7. d4 Qe7 8. Bd3 dxc4 9. Bxc4 e5 10. Be2 O-O 11. dxe5 Nxe5 12. Qc2 Nxf3+ 13. Bxf3 Ba3 14. Bxa3 Qxa3 15. O-O Bg4 16. Ne4 Nxe4 17. Bxe4 g6 18. h3 Be6 19. f4 f5 20. Bf3 Rad8 21. Rad1 Qe7 22. Qc3 Bd5 23. Bxd5+ cxd5 24. Rd3 Rd7 25. Rfd1 Rfd8 26. Rc1 Kf7 27. Qd2 Kg7 28. Rd4 h5 29. Rc3 b6 30. b4 Rc7 31. Rxc7 Qxc7 32. Rxd5 Rxd5 33. Qxd5 Qc1+ 34. Kf2 Qb2+ 35. Kf3 Qxb4 36. Qb7+ Kh6 37. Qa8 Qc3 38. Qxa7 Qc6+ 39. Kf2 Qc2+ 40. Kg3 h4+ 41. Kh2 Qf2 42. Qxb6 Qg3+ 1/2-1/2

[Event "STICH 2324 SK Johanneum Eppendorf - SK K"]
[Site "?"]
[Date "2024.05.04"]
[Round "10.8"]
[White "Wirthgen, Peter"]
[Black "Ascic, Pero"]
[Result "1/2-1/2"]
[WhiteElo "2151"]
[BlackElo "2236"]
[PlyCount "44"]
[EventDate "2024.??.??"]

1. d4 Nf6 2. c4 e6 3. Nc3 d5 4. cxd5 exd5 5. Bg5 Be7 6. e3 h6 7. Bf4 c6 8. Bd3 Bd6 9. Bg3 Qe7 10. Qc2 Bxg3 11. hxg3 Be6 12. Nf3 Nbd7 13. Qb3 Rb8 14. Qc2 O-O 15. Ne2 Rfe8 16. Nf4 Bg4 17. Kf1 Ne4 18. Bxe4 dxe4 19. Nd2 Rbc8 20. Rh4 Bf5 21. Ne2 Bg6 22. Rc1 c5 1/2-1/2

[Event "STICH 2324 SV Glückauf Rüdersdorf - SC"]
[Site "?"]
[Date "2024.05.04"]
[Round "10.1"]
[White "Glantz, Robert"]
[Black "Heberla, Bartlomiej"]
[Result "0-1"]
[WhiteElo "2385"]
[BlackElo "2522"]
[PlyCount "108"]
[EventDate "2024.??.??"]

1. e4 e5 2. Bc4 Nf6 3. d3 Nc6 4. Nf3 Bc5 5. O-O O-O 6. Bg5 h6 7. Bh4 Be7 8. c3 d6 9. a4 Nh5 10. Bg3 Nxg3 11. fxg3 a5 12. Qb3 Bf6 13. Na3 Ne7 14. d4 exd4 15. cxd4 d5 16. exd5 Nf5 17. Nc2 Nd6 18. Bd3 c6 19. Rae1 cxd5 20. Qxd5 Be6 21. Rxe6 fxe6 22. Qxe6+ Kh8 23. Ne5 Bxe5 24. Rxf8+ Qxf8 25. dxe5 Nf7 26. Qf5 Ng5 27. h4 Qxf5 28. Bxf5 Nf7 29. e6 Ne5 30. Kf2 g6 31. Be4 Kg7 32. b3 Kf6 33. Bxb7 Rd8 34. Be4 Kxe6 35. Ke2 g5 36. hxg5 hxg5 37. Ne3 Kd6 38. Kd2 Kc5+ 39. Kc3 Re8 40. Nc2 Ng4 41. Bb7 Nf2 42. Kb2 Nd1+ 43. Kc1 Ne3 44. Bf3 g4 45. Bd1 Nxd1 46. Kxd1 Rb8 47. Kd2 Rxb3 48. Ne3 Rxe3 49. Kxe3 Kb4 50. Kf4 Kxa4 51. Kxg4 Kb5 52. Kh5 a4 53. g4 a3 54. g5 a2 0-1

[Event "STICH 2324 SV Glückauf Rüdersdorf - SC"]
[Site "?"]
[Date "2024.05.04"]
[Round "10.2"]
[White "Klimkowski, Jan"]
[Black "Dubessay, Bastien"]
[Result "0-1"]
[WhiteElo "2518"]
[BlackElo "2238"]
[PlyCount "174"]
[EventDate "2024.??.??"]

1. e4 e6 2. d4 d5 3. Nd2 Nc6 4. Ngf3 Nf6 5. e5 Nd7 6. Bd3 f6 7. exf6 Qxf6 8. Nf1 Bd6 9. Ne3 h6 10. O-O O-O 11. c4 dxc4 12. Nxc4 Nb6 13. b3 Nd5 14. Bb2 Bd7 15. Nfe5 Be8 16. g3 Rd8 17. Qg4 Bxe5 18. dxe5 Qf3 19. Be2 Qxg4 20. Bxg4 Bf7 21. Rfd1 Ndb4 22. f4 Rxd1+ 23. Rxd1 Rd8 24. Rxd8+ Nxd8 25. a3 Nbc6 26. Kf2 Bg6 27. Ke2 Ne7 28. Bf3 Be8 29. Kd2 Bc6 30. Be2 Bd5 31. Kc3 Kf7 32. a4 Ndc6 33. Ba3 Nf5 34. Bc5 g5 35. Ne3 Be4 36. Ng4 gxf4 37. gxf4 b6 38. Bf2 Nce7 39. Nf6 Nd5+ 40. Nxd5 Bxd5 41. a5 Ke7 42. b4 Kd7 43. Bd3 Ke7 44. Bb5 Kd8 45. Be1 Ke7 46. Bd2 Nh4 47. Bc1 Nf3 48. h3 Nh4 49. Bf1 Kf7 50. a6 Ke7 51. Bd2 Kd7 52. Be1 Ng2 53. Bg3 Ne3 54. Bb5+ Bc6 55. Be2 Nd5+ 56. Kb3 Ne3 57. Bf2 Ng2 58. Bg3 Ne3 59. h4 Ke7 60. Bf2 Nd5 61. Bf1 Kf7 62. Bg3 Bd7 63. Bd3 Bc8 64. b5 Bd7 65. h5 Kf8 66. Be2 Ne3 67. Be1 Nf5 68. Bf2 Be8 69. Kb4 Ke7 70. Bf3 Kd8 71. Bg4 Ng7 72. Bh4+ Kd7 73. Bf3 Bxh5 74. Bc6+ Kc8 75. Bb7+ Kb8 76. Bc6 Be8 77. Be4 Nf5 78. Bf2 Kc8 79. Kc4 Bg6 80. Bc6 Bh5 81. Kd3 Kd8 82. Be1 Be8 83. Bb7 Bxb5+ 84. Ke4 Kd7 85. Kf3 h5 86. Kg2 c5 87. Kh3 Bc6 0-1

[Event "STICH 2324 SV Glückauf Rüdersdorf - SC"]
[Site "?"]
[Date "2024.05.04"]
[Round "10.3"]
[White "Kanarek, Marcel"]
[Black "Maetzkow, Maximilian Paul"]
[Result "1/2-1/2"]
[WhiteElo "2481"]
[BlackElo "2235"]
[PlyCount "31"]
[EventDate "2024.??.??"]

1. e4 c5 2. Nf3 d6 3. d4 cxd4 4. Nxd4 Nf6 5. Nc3 g6 6. Be3 Bg7 7. f3 a6 8. Qd2 h5 9. O-O-O b5 10. Nd5 Bb7 11. Bg5 Nbd7 12. Nxf6+ Nxf6 13. Kb1 Rc8 14. Nb3 Qc7 15. Bd3 Nd7 16. c3 1/2-1/2

[Event "STICH 2324 SV Glückauf Rüdersdorf - SC"]
[Site "?"]
[Date "2024.05.04"]
[Round "10.4"]
[White "Matthes, Aron"]
[Black "Leniart, Arkadiusz"]
[Result "1/2-1/2"]
[WhiteElo "2215"]
[BlackElo "2501"]
[PlyCount "70"]
[EventDate "2024.??.??"]

1. d4 d5 2. c4 e6 3. Nc3 Nf6 4. cxd5 exd5 5. Bg5 c6 6. e3 Bd6 7. Bd3 O-O 8. Qc2 h6 9. Bh4 Re8 10. Nge2 b5 11. Bg3 Bf8 12. O-O Nh5 13. Rad1 Na6 14. a3 Nxg3 15. Nxg3 b4 16. Nce2 Qb6 17. Qa4 Re7 18. Rc1 Rc7 19. Nf4 Bd6 20. Nge2 Rb8 21. Rfd1 Kf8 22. h3 g5 23. Nh5 bxa3 24. bxa3 Qb3 25. Qa5 Qxa3 26. Qxa3 Bxa3 27. Ra1 Rb3 28. Bc2 Rb2 29. Bd3 Rb3 30. Bc2 Rb2 31. Bd3 Nb4 32. Rxa3 Nxd3 33. Rdxd3 Rxe2 34. Rdc3 Ke7 35. Ra5 Bd7 1/2-1/2

[Event "STICH 2324 SV Glückauf Rüdersdorf - SC"]
[Site "?"]
[Date "2024.05.04"]
[Round "10.5"]
[White "Groetzbach, Julian"]
[Black "Sieciechowicz, Marcin"]
[Result "0-1"]
[WhiteElo "2204"]
[BlackElo "2405"]
[PlyCount "136"]
[EventDate "2024.??.??"]

1. e4 e5 2. Nf3 Nc6 3. Bb5 Nf6 4. O-O Nxe4 5. d4 Nd6 6. Bxc6 dxc6 7. dxe5 Nf5 8. Qxd8+ Kxd8 9. Nc3 Ke8 10. h3 h5 11. Ne2 Be7 12. Bg5 Be6 13. Nf4 Bd5 14. Bxe7 Kxe7 15. Ng5 Nd4 16. Rfd1 Ne6 17. Nfxe6 Bxe6 18. f4 Rad8 19. Kf2 Bf5 20. c3 Bc2 21. Rxd8 Rxd8 22. Ke2 a5 23. Rc1 Bd3+ 24. Ke3 Bc4 25. b3 Be6 26. Ke2 a4 27. c4 axb3 28. axb3 Ra8 29. Ne4 Ra2+ 30. Nd2 c5 31. Ke3 h4 32. Rc3 g6 33. Ke2 Bf5 34. Ke1 Bd7 35. Re3 Bc6 36. Re2 Ra1+ 37. Kf2 b6 38. Ke3 Bd7 39. Kf2 Be6 40. Kf3 Bf5 41. Ke3 Bc8 42. Kd3 Bb7 43. Kc3 Ra2 44. Kd3 Ra1 45. Ke3 Ra3 46. Kd3 Ke6 47. Kc2 Ra1 48. Kd3 Rg1 49. Ne4 Bxe4+ 50. Kxe4 Rd1 51. Ra2 Rd4+ 52. Ke3 Kf5 53. Ra7 Re4+ 54. Kd3 Kxf4 55. Rxc7 Re3+ 56. Kd2 Rxb3 57. Rxf7+ Kxe5 58. Ke2 Ke4 59. Rg7 Rb2+ 60. Kf1 Kd3 61. Rxg6 Kxc4 62. Rg4+ Kb3 63. Rxh4 c4 64. Rh6 b5 65. Rc6 c3 66. h4 Rb1+ 67. Ke2 c2 68. Kd2 Rd1+ 0-1

[Event "STICH 2324 SV Glückauf Rüdersdorf - SC"]
[Site "?"]
[Date "2024.05.04"]
[Round "10.6"]
[White "Steczek, Marcin"]
[Black "Moritz, Aron"]
[Result "0-1"]
[WhiteElo "2334"]
[BlackElo "2286"]
[PlyCount "106"]
[EventDate "2024.??.??"]

1. Nf3 Nf6 2. c4 e6 3. g3 d5 4. Bg2 dxc4 5. Qa4+ c6 6. Qxc4 b5 7. Qc2 Bb7 8. O-O Nbd7 9. b3 Be7 10. Bb2 O-O 11. d3 Qb6 12. Nbd2 Rfc8 13. Ne5 Nxe5 14. Bxe5 c5 15. Bxb7 Qxb7 16. a4 Nd7 17. Bc3 a6 18. Ra2 Nb6 19. axb5 axb5 20. Rfa1 Nd5 21. Rxa8 Rxa8 22. Rxa8+ Qxa8 23. Nf3 h6 24. Bd2 Qa3 25. Kg2 Nb4 26. Bxb4 Qxb4 27. h4 Bf6 28. e3 Bc3 29. Qa2 g6 30. Qa7 Bf6 31. e4 Qxb3 32. Qd7 Qb2 33. Qc8+ Kg7 34. Qxc5 b4 35. e5 Bd8 36. Qd6 Ba5 37. Qe7 Bb6 38. d4 b3 39. h5 gxh5 40. Qf6+ Kg8 41. Qxh6 Qc2 42. Qg5+ Kf8 43. Qh6+ Kg8 44. Qg5+ Kf8 45. Qh6+ Ke8 46. Qh8+ Kd7 47. Qf8 b2 48. Qxf7+ Kc8 49. Qf8+ Kc7 50. Qd6+ Kb7 51. Qd7+ Ka6 52. Nd2 Qxd2 53. Qc8+ Ka5 0-1

[Event "STICH 2324 SV Glückauf Rüdersdorf - SC"]
[Site "?"]
[Date "2024.05.04"]
[Round "10.7"]
[White "Dudzinski, Piotr"]
[Black "Strache, Michael"]
[Result "1/2-1/2"]
[WhiteElo "2342"]
[BlackElo "2222"]
[PlyCount "123"]
[EventDate "2024.??.??"]

1. e4 c6 2. d4 d5 3. exd5 cxd5 4. Bd3 Nf6 5. c3 Bg4 6. Qb3 Qc7 7. Ne2 Bxe2 8. Bxe2 Nc6 9. Be3 e6 10. Nd2 Bd6 11. h3 O-O 12. O-O h6 13. Rac1 Rab8 14. c4 Qe7 15. cxd5 Nxd5 16. Bf3 Rfd8 17. Rfd1 Bc7 18. Ne4 Bf4 19. Nc5 Nxe3 20. fxe3 Nxd4 21. exd4 Bxc1 22. Rxc1 Rxd4 23. Qe3 Rdd8 24. Nb3 Qd6 25. Rc4 Qg3 26. Qe2 Rd7 27. Rg4 Qc7 28. Qe3 Rbd8 29. Qc3 Qxc3 30. bxc3 Rc8 31. Rb4 b6 32. c4 Rd3 33. Ra4 Rc7 34. Kf2 f5 35. Be2 Rd6 36. Rb4 Kf7 37. Ke1 Kf6 38. Nc1 g5 39. Rb2 e5 40. a4 e4 41. Na2 Ke5 42. Nc3 Rc5 43. Nd5 h5 44. Kf2 h4 45. Rb1 Ra5 46. Bd1 Rc5 47. Be2 Rd8 48. Ke3 Rf8 49. Rc1 Rfc8 50. Kd2 Rd8 51. Rb1 Kd4 52. Rd1 Ra5 53. Kc2+ Ke5 54. Kb3 Rc5 55. Rf1 f4 56. Re1 Rd6 57. Bf3 e3 58. Kb4 Rd8 59. Kb3 Rdc8 60. Ne7 R8c7 61. Nd5 Rc8 62. Ne7 1/2-1/2